000 00941nam a2200253 a 4500
001 BRCA_3961
005 20190320204507.0
008 140110s1914----gw-#######---#000-0#ger-#
041 _ager
044 _agw
050 4 _aNB561
_b.B87 1914
100 1 _aBurger, Fritz
_d1877-1916
_910303
245 1 0 _aMeisterwerke der Plastik Bayerns
_cFritz Burger & Adolf Feulner.
260 _aMunich
_bRiehn & Reuseh Buch-und Kunstverla
_c1914
300 _a3 t. en 1 v.
_bil., 24 láminas
_c47 cm.
500 _aEstado físico: primeras páginas desprendidas
500 _aCDE27
501 _aCon: t.1. Der Meister der skulpturen von Blutenburg und Seine Schule von Fritz Burger. -- t.2. Erasmus Grasser von Adolf Feulmer. -- t.3. Hans Leibergers Moosburger Altar von Adolf Feulmer
650 1 4 _aEscultura alemana
_910304
650 1 4 _aEscultores alemanes
_910305
700 1 _aFeulner, Adolf
_eCoautor
_910306
902 _aGFM
942 _2lcc
_cB
999 _c3688
_d3688